| 000 | 00676nam a22001937a 4500 | ||
|---|---|---|---|
| 999 |
_c177237 _d177237 |
||
| 005 | 20210215170839.0 | ||
| 010 | _aENG-128981 | ||
| 020 |
_c399.00 _a978-93-86473-88-2 |
||
| 035 | _aEN-112513 | ||
| 037 | _bDBAD/PUB | ||
| 082 | _a808.883 | ||
| 100 | _aGurcharan Singh | ||
| 245 |
_aPitching it Straight: Memoir of a Cricket Guru/ _cGurcharan Singh and M S Unnikrishnan |
||
| 260 |
_aNew Delhi _bVitasta Publishing Pvt. Ltd. _c2020 |
||
| 270 |
_bNew Delhi _a2/15, Ansari Roaad, Daryaganj _e110002 _minfo@vitastapublishing.com |
||
| 300 |
_axxi+185p. _c22cm(hbk) _bIncluding Illustrations. |
||
| 700 | _aUnnikrishnan, M S | ||
| 942 |
_2ddc _cEN _h808.883 _mGUR |
||